Vybrané ukazovatele o zdravotných poisťovniach, Sociálnej poisťovni a Národnom úrade práce za 2. štvrťrok 2003

Gespeichert in:
Bibliographische Detailangaben
Format: Buch
Sprache:Slowakisch
Englisch
Veröffentlicht: Bratislava Štatistický úrad Slovenskej republiky 2003
Schriftenreihe:Financie a investície
Tags: Tag hinzufügen
Keine Tags, Fügen Sie das erste Tag hinzu!

MARC

LEADER 00000nam$a2200000$$$4500
001 0001882
005 20260213074404.4
041 0 |a slo 
041 0 |a eng 
044 |a SK 
245 1 0 |a Vybrané ukazovatele o zdravotných poisťovniach, Sociálnej poisťovni a Národnom úrade práce za 2. štvrťrok 2003 
264 1 |a Bratislava  |b Štatistický úrad Slovenskej republiky  |c 2003 
300 |a 39 s. 
490 1 |a Financie a investície 
830 0 |a Financie a investície